00643nam a22001817a 450000500170000000800410001702000180005804000570007604100080013310000210014124500760016226000560023830000520029450400530034665000250039965000200042465000170044420140903174953.0131120s2002 enkad frn 001 0 eng  a9780195157987 aCO-BoUCMbspacAngélica RojasdAldemar Mondragón00aeng1 aShermer, Michael13aThe borderlands of science where sense meets nonsensecMichael Shermer aOxford (Reino Unido)bOxford University Pressc2002 aviii, 360 páginasbilustraciones y gráficas aIncluye referencias bibliográficas e índices 7aCienciaxFilosofía 7aCreencia y duda 7aEscepticismo